000 00634cam a22002053a 4500
001 38959
003 PGUSA
005 20140828083848.0
008 120222s2012||||xxu|||||s|||||000 | eng d
040 _aPGUSA
_beng
042 _adc
100 1 _aDouglas, Charles L.
245 1 0 _aComparative Ecology of Pinyon Mice and Deer Mice in Mesa Verde National Park, Colorado
_h[electronic resource] /
_cCharles L. Douglas
260 _bProject Gutenberg,
_c2012
506 _aPublic domain in the USA.
516 _aElectronic text
830 0 _aProject Gutenberg
_v38959
856 4 0 _uhttp://www.gutenberg.org/ebooks/38959
942 _cEB
999 _c268212
_d268212